000
00327nam a2200157Ia 4500
100
_a
Coffin/Caroline
650
_a
Grammar
942
_c
BK
366
_f
20
245
_a
Applying English Grammar
260
_b
Hodder Arnold
_c
2011
082
_a
371.2
_b
COF
300
_a
311
546
_a
ENGLISH
_c
Computers
999
_c
25134
_d
25134